Concours Sous-officier de gendarmerie externe et interne : Tout-en-un 2025/2026 (notice n° 1670591)
[ vue normale ]
| 000 -LEADER | |
|---|---|
| fixed length control field | 01429cam a2200205 4500500 |
| 005 - DATE AND TIME OF LATEST TRANSACTION | |
| control field | 20260301000015.0 |
| 041 ## - LANGUAGE CODE | |
| Language code of text/sound track or separate title | fre |
| 042 ## - AUTHENTICATION CODE | |
| Authentication code | dc |
| 100 10 - MAIN ENTRY--PERSONAL NAME | |
| Personal name | Capestan, Isabelle |
| Relator term | author |
| 245 00 - TITLE STATEMENT | |
| Title | Concours Sous-officier de gendarmerie externe et interne : Tout-en-un 2025/2026 |
| 260 ## - PUBLICATION, DISTRIBUTION, ETC. | |
| Name of publisher, distributor, etc. | Dunod,<br/> |
| Date of publication, distribution, etc. | 2025.<br/> |
| 520 ## - SUMMARY, ETC. | |
| Summary, etc. | Cet ouvrage propose une préparation complète aux épreuves du concours Sous-officier de gendarmerie externe (catégorie B).Toutes les épreuves:Composition de culture généraleInventaires de personnalitéEntretien auprès d’un psychologueEntretien avec le juryÉpreuve physiqueQCM d’évaluation numériqueLe programme de révision pour s’organiser.Les connaissances en fiches synthétiques à maîtriser.Les bonnes méthodes pour réussir.Des QCM, exercices, et 6 annales corrigés pour s’évaluer et progresser.Des sujets d’annales et l’actu des 6 derniers mois offerts sur le site www.dunod.comInscriptions: jusqu’à 2 concours peuvent être programmés annuellement (mars et septembre). |
| 700 10 - ADDED ENTRY--PERSONAL NAME | |
| Personal name | Couarc'h, Thibault |
| Relator term | author |
| 700 10 - ADDED ENTRY--PERSONAL NAME | |
| Personal name | Grenier, Nicolas |
| Relator term | author |
| 700 10 - ADDED ENTRY--PERSONAL NAME | |
| Personal name | Lévêque, Yannick |
| Relator term | author |
| 700 10 - ADDED ENTRY--PERSONAL NAME | |
| Personal name | Pelletier, Corinne |
| Relator term | author |
| 700 10 - ADDED ENTRY--PERSONAL NAME | |
| Personal name | Priet, Benoît |
| Relator term | author |
| 700 10 - ADDED ENTRY--PERSONAL NAME | |
| Personal name | CODADIS S.A.S |
| Relator term | author |
| 856 41 - ELECTRONIC LOCATION AND ACCESS | |
| Uniform Resource Identifier | <a href="https://droit.cairn.info/concours-sous-officier-de-gendarmerie-externe-et-interne--9782100876303?lang=fr&redirect-ssocas=7080">https://droit.cairn.info/concours-sous-officier-de-gendarmerie-externe-et-interne--9782100876303?lang=fr&redirect-ssocas=7080</a> |
Pas d'exemplaire disponible.




Réseaux sociaux